Districts with an Amercian twist (Record no. 66998)

MARC details
000 -LEADER
fixed length control field 01478cam a2200253 4500
001 - CONTROL NUMBER
control field ABS64058
008 - FIXED-LENGTH DATA ELEMENTS--GENERAL INFORMATION
fixed length control field 000000n2001 000 0 eng u
035 ## - SYSTEM CONTROL NUMBER
System control number (Sirsi) u112566
100 ## - MAIN ENTRY--PERSONAL NAME
Personal name Winkley, R
245 ## - TITLE STATEMENT
Title Districts with an Amercian twist
260 ## - PUBLICATION, DISTRIBUTION, ETC.
Date of publication, distribution, etc. 2001
490 ## - SERIES STATEMENT
Series statement Planning (for the Natural and Built Environment)
Volume/sequential designation (1417) 4 May 2001, 10(1)
520 ## - SUMMARY, ETC.
Summary, etc. Reports on the Amercian style business improvement district (BID) idea, recently adopted by Tony Blair as a way to regenerate town and city centres. Defines BIDs as creating a partnership between property owners and businesses in commercial areas to improve the financial climate, and highlights their success in New York. Discusses the mixed response to the proposed introduction of BIDs in the UK and identifies some of the key issues which include the possibility of businesses expecting improved services from local authorities in return for paying the additional business rates, whether BIDs will address the real regeneration areas, the lengthy timescale if BIDs goes ahead, how the district boundaries will be defined, and whether businesses will be willing to pay out when the economy is less healthy.
590 ## - LOCAL NOTE (RLIN)
Local note ABS
650 ## - SUBJECT ADDED ENTRY--TOPICAL TERM
Topical term or geographic name entry element BUSINESS IMPROVEMENT DISTRICTS
650 ## - SUBJECT ADDED ENTRY--TOPICAL TERM
Topical term or geographic name entry element BIDS
650 ## - SUBJECT ADDED ENTRY--TOPICAL TERM
Topical term or geographic name entry element LOCAL AUTHORITIES
650 ## - SUBJECT ADDED ENTRY--TOPICAL TERM
Topical term or geographic name entry element URBAN REGENERATION
650 ## - SUBJECT ADDED ENTRY--TOPICAL TERM
Topical term or geographic name entry element UNITED STATES
650 ## - SUBJECT ADDED ENTRY--TOPICAL TERM
Topical term or geographic name entry element BUSINESS COMMUNITY
650 ## - SUBJECT ADDED ENTRY--TOPICAL TERM
Topical term or geographic name entry element BUSINESS RATES
690 ## - LOCAL SUBJECT ADDED ENTRY--TOPICAL TERM (OCLC, RLIN)
Topical term or geographic name as entry element REGENERATION
942 ## - ADDED ENTRY ELEMENTS (KOHA)
Suppress in OPAC 0
Holdings
Withdrawn status Lost status Source of classification or shelving scheme Damaged status Not for loan Home library Current library Shelving location Date acquired Total Checkouts Full call number Barcode Date last seen Copy number Price effective from Koha item type
    Dewey Decimal Classification     London London Journal article 15/05/2001   ABS64058 112566-1001 06/08/2019 1 06/08/2019 Journal article